| 000 | 00944nam a2200241 a 4500 | ||
|---|---|---|---|
| 001 | 84146 | ||
| 003 | BD-RjUL | ||
| 005 | 20250410100311.0 | ||
| 008 | 241021s199 bg a|||| m||| 00| 0 eng d | ||
| 035 | _a(BD-RjUL)84146 | ||
| 040 |
_aBD-RjUL _beng _cBD-RjUL _dBD-RjUL |
||
| 041 | _aeng | ||
| 082 |
_223 _a757.4 _bBEP 1994 |
||
| 100 |
_aBegum, Najma _96273 |
||
| 245 | 1 | 0 |
_aPortrayal of Women In Mughal painting : _bA Study based on illustrated manuscripts and album drawings / _cNajma Begum _nVolume I, _pText : _6Supervision : A. B. M. Husain |
| 260 |
_aRajshahi : _bInstitute of Bangladesh Studies, Rajshahi University, _c1994 |
||
| 300 |
_axviii, 396 leaves ; _bill.; _c29 cm. |
||
| 502 | _aThesis (Ph.D.) -- Institute of Bangladesh Studies, University of Rajshahi,1994 | ||
| 504 | _aBibliography : Leaves 382-396 | ||
| 650 |
_aWomen _vPortrayal _xMughal Painting _913890 |
||
| 700 |
_aHusain, A. B. M. Supervision _913622 |
||
| 942 |
_2ddc _cTHE |
||
| 999 |
_c84146 _d84146 |
||